El racismo ante la Ciencia moderna (Record no. 123348)

MARC details
000 -LEADER
campo de control de longitud fija 00530nam a2200169 4500
001 - NÚMERO DE CONTROL
campo de control 123348
003 - IDENTIFICADOR DE NÚMERO DE CONTROL
campo de control ES-MaACL
005 - FECHA Y HORA DE LA ÚLTIMA TRANSACCIÓN
campo de control 20230906192145.0
007 - CAMPO FIJO DE DESCRIPCIÓN FÍSICA--INFORMACIÓN GENERAL
campo de control de longitud fija t|
008 - DATOS DE LONGITUD FIJA--INFORMACIÓN GENERAL
campo de control de longitud fija 070214s1961 sp r ||||1| spa d
245 03 - MENCIÓN DEL TÍTULO
Título El racismo ante la Ciencia moderna
Resto del título : testimonio científico de la Unesco /
Mención de responsabilidad, etc. versión española José Mª Castañeda.
260 ## - PUBLICACIÓN, DISTRIBUCIÓN, ETC.
Lugar de publicación, distribución, etc. Andorra :
Nombre del editor, distribuidor, etc. Liber,
Fecha de publicación, distribución, etc. 1961.
300 ## - DESCRIPCIÓN FÍSICA
Extensión 532 p. ;
Dimensiones 25 cm.
700 1# - ENTRADA AGREGADA--NOMBRE PERSONAL
Nombre de persona Castañeda, José María.
9 (RLIN) 36407
710 2# - ENTRADA AGREGADA--NOMBRE DE ENTIDAD CORPORATIVA
Nombre de entidad corporativa o nombre de jurisdicción como elemento de entrada Unesco.
9 (RLIN) 6999
852 ## - LOCALIZACIÓN
Ubicación ES-MaACL
Número de control de estantería C-20638
Sublocalización o colección R.49074
Holdings
Estatus retirado Estado de pérdida Estado de daño No para préstamo Biblioteca de origen Biblioteca actual Ubicación en estantería Fecha de adquisición Fuente de adquisición Total de préstamos Signatura topográfica completa Código de barras Visto por última vez Precio de reemplazo Tipo de ítem Koha
        Biblioteca del Ateneo de Madrid Biblioteca del Ateneo de Madrid Galería 17/01/2008     C-20638 1128521 23/02/2023 23/02/2023 Libro impreso